| 000 | 00791nam a2200217 a 4500 | ||
|---|---|---|---|
| 001 | 000014582 | ||
| 005 | 20250124114731.0 | ||
| 008 | 100115s1984 dr 001 0 spa d | ||
| 040 |
_aDO-SdBNP _bspa _cBNPHU |
||
| 082 |
_a321.097293 _bM843e, 1984 |
||
| 100 | 1 |
_aMoreno Ceballos, Nelson, _d1946- _933018 |
|
| 245 | 1 | 3 |
_aEl Estado dominicano : _borigen, evolución y su forma actual, 1844-1982 / _cNelson Moreno Ceballos. |
| 250 | _a3ª ed. corr. y ampliada | ||
| 260 |
_aSanto Domingo : _bAlfa &Omega, _c1984. |
||
| 300 |
_a351 p. ; _c19 cm. |
||
| 504 | _aBibliografía : p. 345-351 | ||
| 590 | _aInventariado, 2018/LP | ||
| 650 | 4 |
_aEstado _zRepública Dominicana _933019 |
|
| 650 | 4 |
_aFormas de gobierno _xHistoria _zRepública Dominicana _933020 |
|
| 910 | _aValidado. Control de calidad EMS | ||
| 999 |
_c14168 _d14168 |
||